Embaixada da França, Brasilia = L'Ambassade de France, Brasilia /
Descripción crítica de los dos proyectos elaborados para la construcción de la embajada francesa en Brasilia. El proyecto fue encargado originalmente a Le Corbusier, quien presentó en 1964 su propuesta. Sin embargo, Le Corbusier murió antes de iniciar la construcción y entonces, el encargo pasó al c...
Gorde:
| Egile nagusia: | |
|---|---|
| Erakunde egilea: | |
| Beste egile batzuk: | , , , , |
| Formatua: | Konferentzia-aktak Liburua |
| Hizkuntza: | portugesa |
| Argitaratua: |
São Paulo, Brasil :
Instituto Totem Cultura : Imprensa Oficial do Estado de Brasilia,
2009, c2009
|
| Gaiak: | |
| Etiketak: |
Etiketarik gabe, Izan zaitez lehena erregistro honi etiketa jartzen!
|
MARC
| LEADER | 00000nam^a2200000^a^4500 | ||
|---|---|---|---|
| 001 | 000313911 | ||
| 005 | 20250521000000.0 | ||
| 008 | 110406 20092009 | ||
| 009 | 20260310113158.075 | ||
| 020 | |a 978-85-62193-03-3 | ||
| 020 | |a 978-85-7060-749-2 | ||
| 037 | |a Acervo ITESO - Biblioteca | ||
| 041 | |a POR | ||
| 082 | |a 720. 98174 |b MAT | ||
| 100 | |a Matteo, Colette di |e (coord. y presen.) | ||
| 245 | 1 | 0 | |a Embaixada da França, Brasilia = |b L'Ambassade de France, Brasilia / |c Coord. y presen. de C. di Matteo ; coord. de J.M. Tidori ; fotografía de T. Reinés ; presen. de Y. Saint-Geours, D.S. de Miranda, A. Pouillieute. |
| 264 | 4 | |a São Paulo, Brasil : |b Instituto Totem Cultura : |b Imprensa Oficial do Estado de Brasilia, |c 2009, c2009 | |
| 300 | |a 261 p. | ||
| 336 | |a texto |b txt |2 rdacontenido | ||
| 337 | |a sin mediación |b n |2 rdamedio | ||
| 338 | |a volumen |b nc |2 rdasoporte | ||
| 520 | |a Descripción crítica de los dos proyectos elaborados para la construcción de la embajada francesa en Brasilia. El proyecto fue encargado originalmente a Le Corbusier, quien presentó en 1964 su propuesta. Sin embargo, Le Corbusier murió antes de iniciar la construcción y entonces, el encargo pasó al chileno Guillermo Jullian de la Fuente, quien formaba parte del grupo de colaboradores del gran artista suizo. La embajada fue inaugurada, finalmente, en 1974. | ||
| 546 | |a Edición bilingüe francés-portugués | ||
| 649 | |a XX | ||
| 650 | |a Arquitectos Suizos | ||
| 650 | |a Arquitectos Chilenos | ||
| 650 | |a Artistas Suizos | ||
| 650 | |a Artistas Chilenos | ||
| 650 | |a Embajadas y Consulados - |z Brasilia, Brasil - |x Tema Principal | ||
| 650 | |a Embajadas y Consulados en Brasil - |x Tema Principal | ||
| 650 | |a Embajadas y Consulados de Francia - |x Tema Principal | ||
| 650 | |a Arquitectura Moderna - |z Brasilia, Brasil - |x Historia y Crítica - |x Tema Principal | ||
| 650 | |a Arquitectura Brasileña - |x Historia y Crítica | ||
| 650 | |a Arquitectura Brasileña - |y Siglo XX | ||
| 650 | |a Arte Moderno - |z Brasilia, Brasil - |x Historia y Crítica | ||
| 650 | |a Arte Brasileño - |x Historia y Crítica | ||
| 650 | |a Arte Brasileño - |y Siglo XX | ||
| 650 | |a Relaciones Internacionales - |z Brasil-Francia | ||
| 650 | |a Política Exterior - |z Francia | ||
| 650 | |a Política Exterior - |z Brasil | ||
| 650 | |a Brasilia, Brasil - |x Historia - |y 1964-1985 | ||
| 650 | |a Brasil - |x Historia - |y 1964-1985 | ||
| 650 | |a Le Corbusier - |x Tema Principal | ||
| 650 | |a Jullian de la Fuente, Guillermo - |x Tema Principal | ||
| 711 | |a Ano da França do Brasil ( |d 2009 : |c Brasil) | ||
| 700 | |a Tidori, Jean-Martin |e (coordinación) | ||
| 700 | |a Reinés, Tuca |e (fotógrafo) | ||
| 700 | |a Saint-Geours, Yves |e (presentación) | ||
| 700 | |a Miranda, Danilo Santos de |e (presentación) | ||
| 700 | |a Pouillieute, Antoine |e (presentación) | ||
| 910 | |a Fondo General | ||
| 920 | |a Impresos - Libros | ||
| 930 | |a Reserva Especial | ||
| 905 | |a 103 | ||
| 901 | |a 0500200478 |b IT1 |c REE |i D54683 |u 20250521 | ||
| 902 | |a https://opac.biblio.iteso.mx/vufind/Record/000313911 | ||